| 000 | 00447nam a2200205Ia 4500 | ||
|---|---|---|---|
| 001 | 13296 | ||
| 003 | GE_BSU | ||
| 008 | 181216s||||||||xx |||||||||||||| ||und|| | ||
| 020 | _a0340820497 | ||
| 040 | _cGE_BSU | ||
| 080 | _a821.111-32 | ||
| 100 | _aJoss,Morag. | ||
| 245 | _aHalf Broken Things. | ||
| 260 | _aLondon. | ||
| 260 | _bHodder Stoughton. | ||
| 260 | _c2004 | ||
| 300 | _a295p;18cm. | ||
| 653 | _aHalf Broken Things. | ||
| 942 | _cBK | ||
| 999 |
_c46458 _d46458 |
||